000 00505nam a2200181Ia 4500
008 100920s9999 xx 000 0 und d
082 _b26738
_a1 थ 70
100 _a---
245 _aCAREERS IN ACCOUNTANCY.
260 _bDIRECTORATE GEN. OF EMPLOYMENT & TRAINING ,GOVT. OF INDIA.
_c1970
300 _a42
_bसाधी
365 _b0
520 _aइ.डी.यू.
630 _aCAREERS IN ACCOUNTANCY.
650 _aइ.डी.यू.
730 _aCAREERS IN ACCOUNTANCY.
942 _cBOOK
999 _c683916
_d683913